Allgemeinwissen 3.0 - Sudden Death - Statistiken

Allgemein
  • Dieses Quiz wurde 204 mal gespielt
  • Das Durchschnittsergebnis liegt bei 4 aus 11
Answers on the Grid
Answers color-coded by a green-red scale on the quiz's grid according to % correct below.
Königin Elizabeth ist immer noch Königin von England. ( 2025 )
Dubai gewann den internationalen Preis für das beste Spiel des Jahres (2025).
Donald Trump ist der 56. Präsident der Vereinigten Staaten von Amerika.
Elizabeth Makaroni ist Professorin an der Chicago Ohare University.
Der Zweite Weltkrieg fand von 1932 bis 1948 statt.
Airbus produziert das größte Passagierflugzeug der Welt.
Die Boeing 777-300ER ist eines der wichtigsten Flugzeuge in der Flotte von Emirates.
Emirates Airlines kommt aus Saudi Arabien
Daniel Craig spielt in „Ich werde dich finden“
Addis Abeba liegt in Ozeanien.
Die Corona Pandemie begann in 2019
Napoleon Bonaparte won the battle of stalingrad in 1911
Fischermans Freund wurde ursprünglich vom Erfinder von Coca Cola hergestellt.
Fanta ist eine deutsche Erfindung.
Bombardier stellt nicht nur Flugzeuge her
Churchill war 1943 Präsident der Vereinigten Staaten.
Churchill war nach dem Zweiten Weltkrieg König von England.
Lindt kommt aus der Schweiz, wird aber in China hergestellt.
Mozart stammt aus Wien.
Mozart lebte einen Teil seines Lebens in Salzburg.
Lord Voldemort ist eine der Hauptfiguren in Rango.
Harry Potter ist eine der Hauptfiguren in Harry Potter.
Spotify kann kostenlos heruntergeladen werden.
Das neueste Flugzeug von Airbus ist die A350-1000.
Beethoven wurde in der Schweiz geboren, zog aber im Alter von 2 Jahren nach Deutschland.
Zürich ist die Hauptstadt der Schweiz.
Die Zytgloge befindet sich in Bern.
Deutschland hat eine der stärksten Volkswirtschaften Europas.
Das britische Geld ist der Euro.
Indien war eine französische Kolonie.
 
Antwortstatistiken
Antwort % Korrekt
Deutschland hat eine der stärksten Volkswirtschaften Europas.
62%
Harry Potter ist eine der Hauptfiguren in Harry Potter.
61%
Mozart lebte einen Teil seines Lebens in Salzburg.
55%
Spotify kann kostenlos heruntergeladen werden.
53%
Die Corona Pandemie begann in 2019
37%
Bombardier stellt nicht nur Flugzeuge her
31%
Airbus produziert das größte Passagierflugzeug der Welt.
30%
Fanta ist eine deutsche Erfindung.
28%
Die Boeing 777-300ER ist eines der wichtigsten Flugzeuge in der Flotte von Emirates.
13%
Das neueste Flugzeug von Airbus ist die A350-1000.
8%
Die Zytgloge befindet sich in Bern.
4%
Keine übereinstimmenden Quizze gefunden
Verteilung der Resultate
Anzahl Personen mit jedem Resultat
Perzentil nach korrekt beantworteten Fragen
Ihre Resultats-Entwicklung
Sie haben dieses Quiz noch nicht gespielt